<?xml version="1.0" encoding="UTF-8"?>
<record
    xmlns:xsi="http://www.w3.org/2001/XMLSchema-instance"
    xsi:schemaLocation="http://www.loc.gov/MARC21/slim http://www.loc.gov/standards/marcxml/schema/MARC21slim.xsd"
    xmlns="http://www.loc.gov/MARC21/slim">

  <leader>02042nam a2200313 a 4500</leader>
  <controlfield tag="005">20240305165353.0</controlfield>
  <controlfield tag="007">cr||||   |||| </controlfield>
  <controlfield tag="008">111028s2011    spc    f b    000 0 spa c</controlfield>
  <datafield tag="017" ind1=" " ind2=" ">
    <subfield code="a">DL SE. 7341-2011</subfield>
  </datafield>
  <datafield tag="020" ind1=" " ind2=" ">
    <subfield code="a">9788476989913  </subfield>
  </datafield>
  <datafield tag="035" ind1=" " ind2=" ">
    <subfield code="a">6011</subfield>
  </datafield>
  <datafield tag="040" ind1=" " ind2=" ">
    <subfield code="d">vLex</subfield>
  </datafield>
  <datafield tag="080" ind1=" " ind2=" ">
    <subfield code="a">336.22:352(460)</subfield>
  </datafield>
  <datafield tag="090" ind1=" " ind2=" ">
    <subfield code="c">2999</subfield>
    <subfield code="d">2999</subfield>
  </datafield>
  <datafield tag="100" ind1="1" ind2=" ">
    <subfield code="a">Gil Vallejo, Beatriz</subfield>
  </datafield>
  <datafield tag="245" ind1="1" ind2="3">
    <subfield code="a">El aseguramiento de la prueba en el proceso civil y penal </subfield>
    <subfield code="h">[Recurso electr&#xF3;nico] /</subfield>
    <subfield code="c">Beatriz Gil Vallejo</subfield>
  </datafield>
  <datafield tag="256" ind1=" " ind2=" ">
    <subfield code="a">Servicio en l&#xED;nea</subfield>
  </datafield>
  <datafield tag="260" ind1=" " ind2=" ">
    <subfield code="a">Barcelona :</subfield>
    <subfield code="b">J.M. Bosch Editor,</subfield>
    <subfield code="c">2011</subfield>
  </datafield>
  <datafield tag="300" ind1=" " ind2=" ">
    <subfield code="a">1 recurso electr&#xF3;nico</subfield>
  </datafield>
  <datafield tag="500" ind1=" " ind2=" ">
    <subfield code="a">La presente obra pretende aproximar a los operadores jur&#xED;dicos las medidas de aseguramiento de la prueba en el &#xE1;mbito del proceso civil (arts. 297 y 298) una materia que pese a que supuso toda una innovaci&#xF3;n legislativa con la entrada en vigor de la Ley 1/2000, de 7 de enero, de Enjuiciamiento Civil no ha tenido en la pr&#xE1;ctica el calado previsto, pese a la gran utilidad que pueden aportar al proceso, pues sin el aseguramiento de las fuentes de prueba, la posterior pr&#xE1;ctica del medio de prueba resultar&#xE1; imposible quedando frustradas las expectativas iniciales.  Asimismo se aborda el aseguramiento de la prueba en el proceso penal actual, que a trav&#xE9;s del examen de la validez de las diligencias sumariales, nos conducir&#xE1; a tratar la validez de la prueba pericial preconstituida.</subfield>
  </datafield>
  <datafield tag="504" ind1=" " ind2=" ">
    <subfield code="a">Bibliograf&#xED;a: p. [191]-201</subfield>
  </datafield>
  <datafield tag="506" ind1="1" ind2=" ">
    <subfield code="a">Contenido solo disponible en los productos indicados</subfield>
    <subfield code="d">vLex Global </subfield>
    <subfield code="d">vLex Global (Academic Edition, excluding Law Schools) </subfield>
    <subfield code="d">vLex Global (U.S. Academic Edition, Law Schools) </subfield>
    <subfield code="d">vLex Global (U.S. Academic Edition, excluding Law Schools) </subfield>
    <subfield code="d">vLex Global (Academic Edition, Law Schools) </subfield>
  </datafield>
  <datafield tag="650" ind1="0" ind2="4">
    <subfield code="a">Prueba (Derecho)</subfield>
    <subfield code="z">Espa&#xF1;a</subfield>
  </datafield>
  <datafield tag="650" ind1="0" ind2="4">
    <subfield code="a">Prueba penal</subfield>
    <subfield code="z">Espa&#xF1;a</subfield>
  </datafield>
  <datafield tag="740" ind1="0" ind2=" ">
    <subfield code="a">vLex Libros (Servicio en l&#xED;nea)</subfield>
  </datafield>
  <datafield tag="830" ind1=" " ind2="0">
    <subfield code="a">Bosch procesal</subfield>
  </datafield>
  <datafield tag="856" ind1="4" ind2="0">
    <subfield code="u">https://app.vlex.com/#/sources/aseguramiento-prueba-proceso-civil-penal-6011</subfield>
  </datafield>
  <datafield tag="942" ind1=" " ind2=" ">
    <subfield code="c">RAA</subfield>
  </datafield>
  <datafield tag="952" ind1=" " ind2=" ">
    <subfield code="0">0</subfield>
    <subfield code="1">0</subfield>
    <subfield code="4">0</subfield>
    <subfield code="7">0</subfield>
    <subfield code="8">VLEX</subfield>
    <subfield code="9">319420</subfield>
    <subfield code="a">BD-UIN</subfield>
    <subfield code="b">BD-UIN</subfield>
    <subfield code="d">2024-03-05</subfield>
    <subfield code="l">0</subfield>
    <subfield code="p">6011</subfield>
    <subfield code="r">2024-03-05</subfield>
    <subfield code="w">2024-03-05</subfield>
    <subfield code="y">RAA</subfield>
  </datafield>
  <datafield tag="999" ind1=" " ind2=" ">
    <subfield code="c">161414</subfield>
    <subfield code="d">161414</subfield>
  </datafield>
</record>
